Delovoje obščenie

Guardado en:
Detalles Bibliográficos
Autor principal: Strelková, Katarína
Formato: Capítulo de libro
Lenguaje:ruso
Etiquetas: Agregar Etiqueta
Sin Etiquetas, Sea el primero en etiquetar este registro!

MARC

LEADER 00000naa$a2200000$$$4500
001 0056024
005 20240502083138.4
041 0 |a rus 
044 |a HU 
245 1 0 |a Delovoje obščenie  |c Katarína Strelková 
100 1 |a Strelková, Katarína